Children’s first cookbook (Record no. 128182)

MARC details
000 -LEADER
fixed length control field 00509nam a2200193Ia 4500
008 - FIXED-LENGTH DATA ELEMENTS--GENERAL INFORMATION
fixed length control field 191130s2005##################000#0#eng##
020 ## - INTERNATIONAL STANDARD BOOK NUMBER
ISBN 9781405308434
082 ## - DEWEY DECIMAL CLASSIFICATION NUMBER
Classification number 641.5 KAR
100 ## - MAIN ENTRY--AUTHOR NAME
Personal name Karmel, Annabel
245 ## - TITLE STATEMENT
Title Children’s first cookbook
Statement of responsibility, etc Annabel Karmel
250 ## - EDITION STATEMENT
Edition statement 1st edition
260 ## - PUBLICATION, DISTRIBUTION, ETC. (IMPRINT)
Place of publication London
Name of publisher Dorling Kindersley
Year of publication 2005
300 ## - PHYSICAL DESCRIPTION
Number of Pages 47 P.;Coll.ill
650 ## - SUBJECT ADDED ENTRY--TOPICAL TERM
Topical Term Cooking
991 ## -
-- 99407
Holdings
Withdrawn status Lost status Damaged status Not for loan Home library Current library Date acquired Full call number Accession Number Price effective from Koha item type
        Anna Centenary Library Anna Centenary Library 12.10.2020 641.5 KAR 482032 12.10.2020 English Books

Find us on the map